000 00995nam a2200253Ii 4500
001 1042168579
003 AUA.1
005 20251120175706.0
008 180628s2018 mdu b 001 0 eng d
020 _a9788472086463
020 _a8472086461
035 _a(OCoLC)1042168579
040 _aEXN
_beng
_erda
_cEXN
050 _aBX6121.1
_b.S49 2018
245 0 0 _aSeventh-day Adventists believe :
_ba Biblical exposition of fundamental doctrines.
246 3 _aBiblical exposition of fundamental doctrines.
250 _a3rd ed.
260 _aSilver Spring, MD :
_bMinisterial Association, General Conference of Seventh-day Adventists :
_bReview and Herald Publishing Association;
_c2018.
300 _ax, 11-452 pages ;
_c23 cm.
504 _aIncludes bibliographical references and index.
650 0 _aSeventh-Day Adventists
_xDoctrines.
710 2 _aGeneral Conference of Seventh-Day Adventists.
_bMinisterial Association.
942 _2lcc
_cBOOK
_hBX 6121.1
_i.S49 2018
999 _c25267
_d25267